000 00316nam a22001337a 4500
008 171005b xxu||||| |||| 00| 0 eng d
020 _a9780135336137
041 _aeng
080 _a159.9
100 _a49
101 _apsi
245 _aGENDER IN CROSS CULTURAL PERSPECTIVE
_cBRETTEL.C.B
942 _2udc
_cBK
999 _c32034
_d32034